| 000 | 00653nam a22001937a 4500 | ||
|---|---|---|---|
| 999 |
_c189177 _d189177 |
||
| 005 | 20220621165915.0 | ||
| 010 | _aENG-133298 | ||
| 020 |
_a9789383959617 _c424.00 |
||
| 035 | _aEN-116830 | ||
| 037 | _bDBAD/PUB | ||
| 082 | _a621.3192 | ||
| 100 | _aRani, D. Shobha | ||
| 245 |
_aElectrical Circuits/ _cD. Shobha Rani and S. Swathi |
||
| 260 |
_aHyderabad _bStudentsHelpline Publishing House Ltd. _c2019 |
||
| 270 |
_a#326/C, 1st Floor, Surneni Nilayam Near B K Guda Park, S R Nagar _bHyderabad _e500038 _mstudentshelpline.in@gmail.com |
||
| 300 |
_axiv, 530p. _c24cm(pbk) |
||
| 700 | _aSwathi, S | ||
| 942 |
_2ddc _cEN _h621.3192 _mRAN |
||